[Event "2LD 24/25,Rychnov n/Kn-Lanskroun"]
[Site ""]
[Date "2025.01.12"]
[Round "6.1"]
[White "Horak, Jan"]
[Black "Vyprachticky, David"]
[WhiteElo "2138"]
[BlackElo "2317"]
[Result "1-0"]
[PlyCount "153"]

1. d4 d5 2. Nf3 c5 3. g3 cxd4 4. Bg2 Nf6 5. O-O h6 6. b3 e6 7. Bb2 Nc6 8. Nxd4
Bc5 9. c4 O-O 10. Nxc6 bxc6 11. Nc3 Ba6 12. Qc2 Qe7 13. Rfd1 Bxf2+ 14. Kxf2
Ng4+ 15. Ke1 Qc5 16. e3 dxc4 17. b4 Nxe3 18. bxc5 Nxc2+ 19. Kf2 Nxa1 20. Bxa1
Rfd8 21. Rxd8+ Rxd8 22. Ke3 Kf8 23. Be4 f5 24. Bxc6 Rc8 25. Bd7 Rxc5 26. Kd4
Ra5 27. Bxe6 Ke7 28. Bd5 g5 29. Bb2 Bb5 30. a4 Bxa4 31. Ba3+ Kd7 32. Bb4 Ra6
33. Bxc4 Rb6 34. Bc5 Rb2 35. Nxa4 Rxh2 36. Bxa7 f4 37. gxf4 gxf4 38. Bb5+ Ke6
39. Ke4 Rh5 40. Nc3 Rxb5 41. Nxb5 h5 42. Nd4+ Kd6 43. Bb8+ Kc5 44. Bxf4 h4 45.
Ne6+ Kc6 46. Kd4 h3 47. Bh2 Kb5 48. Nd8 Kb4 49. Nc6+ Kb5 50. Kd5 Kb6 51. Nd4
Kb7 52. Bd6 h2 53. Bxh2 Kb6 54. Bd6 Kb7 55. Ne6 Kb6 56. Nc7 Kb7 57. Kc5 Ka7 58.
Kc6 Kb8 59. Bc5 Kc8 60. Ba7 Kd8 61. Nd5 Ke8 62. Kd6 Kf7 63. Ne7 Kf6 64. Be3 Kf7
65. Bg5 Ke8 66. Ke6 Kd8 67. Bf4 Ke8 68. Bc7 Kf8 69. Nf5 Ke8 70. Ng7+ Kf8 71.
Kf6 Kg8 72. Kg6 Kf8 73. Bd6+ Kg8 74. Nf5 Kh8 75. Ba3 Kg8 76. Nh6+ Kh8 77. Bb2#
 1-0

[Event "2LD 24/25,Rychnov n/Kn-Lanskroun"]
[Site ""]
[Date "2025.01.12"]
[Round "6.2"]
[White "Kupsa, Matej"]
[Black "Mik, Tomas"]
[WhiteElo "2138"]
[BlackElo "2080"]
[Result "0-1"]
[PlyCount "76"]

1. e4 e5 2. Nf3 Nc6 3. Bc4 Nf6 4. d3 Be7 5. c3 O-O 6. O-O d6 7. h3 Nb8 8. Re1
c5 9. b4 Qc7 10. Bb2 Nc6 11. a3 h6 12. Nbd2 Re8 13. Qb3 Bf8 14. Nf1 Rb8 15. a4
Nd8 16. Ng3 Be6 17. d4 b6 18. Rad1 a5 19. b5 Bxc4 20. Qxc4 Ne6 21. d5 Nf4 22.
Nd2 Qd7 23. Qf1 g6 24. Nc4 h5 25. Kh2 Nh7 26. Ne2 Bg7 27. g3 Nxe2 28. Rxe2 Rf8
29. Qg2 f5 30. f3 Ng5 31. Bc1 fxe4 32. fxe4 Nf3+ 33. Kh1 g5 34. g4 Nh4 35. Qh2
hxg4 36. Rf2 g3 37. Qxg3 Rxf2 38. Bxg5 Rf3 0-1

[Event "2LD 24/25,Rychnov n/Kn-Lanskroun"]
[Site ""]
[Date "2025.01.12"]
[Round "6.3"]
[White "Kroulik, Vaclav"]
[Black "Jirousek, Jan"]
[WhiteElo "1996"]
[BlackElo "2047"]
[Result "1/2-1/2"]
[PlyCount "24"]

1. e4 a6 2. d4 b5 3. c4 Bb7 4. d5 e6 5. Nf3 exd5 6. cxd5 Nf6 7. Bd3 Bb4+ 8. Nc3
c5 9. O-O d6 10. a4 c4 11. Bc2 Nbd7 12. Nd4 bxa4 1/2-1/2

[Event "2LD 24/25,Rychnov n/Kn-Lanskroun"]
[Site ""]
[Date "2025.01.12"]
[Round "6.4"]
[White "Kratky, Josef"]
[Black "Machlowski, Slawomir"]
[WhiteElo "2094"]
[BlackElo "1983"]
[Result "1-0"]
[PlyCount "93"]

1. g3 c5 2. Bg2 Nc6 3. c4 g6 4. Nc3 Bg7 5. d3 Nh6 6. e4 Nd4 7. Nge2 Ng4 8. Nxd4
cxd4 9. Ne2 Qb6 10. h3 Ne5 11. a3 a5 12. f4 Nc6 13. Qc2 d6 14. Bd2 O-O 15. O-O
Bd7 16. f5 Rfc8 17. Nf4 Qd8 18. Rf2 Ne5 19. a4 b5 20. axb5 Bxb5 21. b3 Bc6 22.
Raf1 Rcb8 23. Ne2 Qb6 24. Nc1 Be8 25. Bg5 Bf8 26. Qd2 a4 27. bxa4 Rxa4 28. Bh6
Bg7 29. Bxg7 Kxg7 30. f6+ exf6 31. Rxf6 Ra1 32. Qf4 Qb2 33. Rxd6 Nxc4 34. dxc4
d3 35. Nxd3 Rxf1+ 36. Bxf1 Qb1 37. Qf6+ Kf8 38. Nf4 Kg8 39. Qd4 Qe1 40. Rd8
Rxd8 41. Qxd8 Qxe4 42. Nd5 Kg7 43. Qf6+ Kg8 44. Qf4 Qe6 45. Nf6+ Kg7 46. Nxe8+
Qxe8 47. c5 1-0

[Event "2LD 24/25,Rychnov n/Kn-Lanskroun"]
[Site ""]
[Date "2025.01.12"]
[Round "6.5"]
[White "Kacirek, Pavel"]
[Black "Pokorny, Tomas"]
[WhiteElo "1951"]
[BlackElo "2206"]
[Result "0-1"]
[PlyCount "80"]

1. d4 d5 2. c3 Nf6 3. Bg5 e6 4. Nd2 Be7 5. e3 Nbd7 6. f4 O-O 7. Bd3 c5 8. Ngf3
Ng4 9. Bxe7 Qxe7 10. Qe2 f5 11. O-O Ngf6 12. Ne5 Ne4 13. Nxd7 Bxd7 14. Nxe4
fxe4 15. Bb5 Rac8 16. Bxd7 Qxd7 17. dxc5 Rxc5 18. Rad1 Qc6 19. Rd4 b5 20. a3
Rc4 21. Rxc4 bxc4 22. h3 Qb6 23. Rf2 g6 24. Qe1 Kg7 25. Re2 Rxf4 26. Qg3 Rf5
27. Rf2 Rxf2 28. Qxf2 Qd6 29. Qh4 h6 30. Kh1 g5 31. Qg4 Kg6 32. h4 Qe5 33. h5+
Kf6 34. Kg1 Qf5 35. Qg3 Qe5 36. Qf2+ Qf5 37. Qg3 g4 38. Qd6 Kg5 39. Qd8+ Kxh5
40. Kh2 g3+ 0-1

[Event "2LD 24/25,Rychnov n/Kn-Lanskroun"]
[Site ""]
[Date "2025.01.12"]
[Round "6.6"]
[White "Pokorny, Jiri"]
[Black "Novotny, Josef"]
[WhiteElo "2051"]
[BlackElo "1946"]
[Result "1-0"]
[PlyCount "67"]

1. e4 e6 2. d4 d6 3. Nf3 Nf6 4. Nc3 c6 5. Bd3 Qa5 6. Bd2 Qb6 7. a4 Nbd7 8. a5
Qc7 9. Ne2 Be7 10. c4 e5 11. b4 exd4 12. Nexd4 Ne5 13. Bc3 Bg4 14. h3 Bh5 15.
Qe2 O-O 16. Qe3 Bg6 17. Nxe5 dxe5 18. Nf3 Nd7 19. O-O Rfe8 20. Rfd1 Bf6 21. Nd2
Nf8 22. c5 Ne6 23. Nc4 Re7 24. Nd6 Rf8 25. Bc4 Nd4 26. Ra2 h6 27. Qg3 Kh7 28.
Bd3 Qd8 29. Bxd4 exd4 30. f4 Rd7 31. e5 Bh4 32. Qg4 h5 33. Qxh5+ Kg8 34. Qg4
 1-0

[Event "2LD 24/25,Rychnov n/Kn-Lanskroun"]
[Site ""]
[Date "2025.01.12"]
[Round "6.7"]
[White "Cermak, Miroslav"]
[Black "Solil, Roman"]
[WhiteElo "1884"]
[BlackElo "1956"]
[Result "0-1"]
[PlyCount "92"]

1. d4 Nf6 2. Bg5 g6 3. e3 Bg7 4. Bd3 O-O 5. Nd2 d6 6. f4 Bg4 7. Ngf3 c6 8. h3
Bxf3 9. Nxf3 Qa5+ 10. c3 Nbd7 11. O-O Rfe8 12. g4 Nd5 13. Qd2 h6 14. Bh4 e5 15.
dxe5 dxe5 16. Bc4 exf4 17. Bxd5 Qxd5 18. Qxd5 cxd5 19. exf4 Re2 20. Rf2 Rae8
21. Kf1 R2e4 22. Nd2 Re3 23. Nf3 Nc5 24. Ng1 Nd3 25. Re2 Nxf4 26. Rxe3 Rxe3 27.
Kf2 Re4 28. Rd1 g5 29. Bg3 d4 30. Bxf4 Rxf4+ 31. Kg3 dxc3 32. bxc3 Bxc3 33. Ne2
Rc4 34. Kf3 Bf6 35. Ng3 Rc3+ 36. Kg2 Rc2+ 37. Kf3 Rxa2 38. Nf5 Kf8 39. Rd7 Rb2
40. Nxh6 Ke8 41. Rxf7 Rb6 42. Rh7 a5 43. Nf5 a4 44. Rc7 a3 45. Rc8+ Kd7 46. Ra8
Ra6 0-1

[Event "2LD 24/25,Rychnov n/Kn-Lanskroun"]
[Site ""]
[Date "2025.01.12"]
[Round "6.8"]
[White "Kalousova, Antonie"]
[Black "Daniel, Jiri"]
[WhiteElo "1897"]
[BlackElo "1919"]
[Result "0-1"]
[PlyCount "108"]

1. e4 d5 2. exd5 Nf6 3. Nf3 Nxd5 4. Nc3 Bf5 5. Nxd5 Qxd5 6. d4 Qe4+ 7. Qe2
Qxe2+ 8. Bxe2 Bxc2 9. Bf4 c6 10. O-O e6 11. Rac1 Be4 12. a3 Nd7 13. Rfd1 Be7
14. Nd2 Bd5 15. Nc4 Bxc4 16. Bxc4 Nb6 17. Ba2 O-O 18. Re1 Bf6 19. Rcd1 Rfd8 20.
Bc7 Rxd4 21. Bxb6 axb6 22. Rxd4 Bxd4 23. Re2 Kf8 24. Rd2 Rd8 25. Kf1 Ke7 26.
Ke2 b5 27. h3 e5 28. Bb1 g6 29. g4 c5 30. Be4 Rd7 31. b3 Rc7 32. Rc2 Ke6 33.
Bd3 f5 34. f3 b6 35. Bxb5 e4 36. fxe4 fxe4 37. Rc1 h5 38. gxh5 gxh5 39. Rf1 Rg7
40. Be8 Rg2+ 41. Kd1 h4 42. a4 Ke5 43. Bd7 Rg3 44. Bg4 Rxb3 45. Rf5+ Kd6 46.
Rh5 Bf2 47. Rh6+ Ke5 48. Kc2 Rb4 49. Rc6 Kd4 50. Rf6 Bg3 51. Bd7 Be5 52. Rh6
Bg3 53. Bb5 e3 54. Rxb6 e2 0-1

[Event "2LD 24/25,Univerzita Brno-Jihlava A"]
[Site ""]
[Date "2025.01.12"]
[Round "6.1"]
[White "Gajdos, Daniel"]
[Black "Piza, Vlastimil"]
[WhiteElo "2113"]
[BlackElo "2201"]
[Result "1-0"]

1.Nf3 Nf6 2.g3 g6 3.b3 Bg7 4.Bb2 O-O 5.Bg2 d6 6.d4 c6 7.O-O Bf5 8.c4 Qc8 9.Nc3
Ne4 10.Nh4 Nxc3 11.Bxc3 Bh3 12.e4 Bxg2 13.Kxg2 c5 14.Rc1 Nc6 15.d5 Nd4 16.Bxd4
Bxd4 17.Nf3 Bg7 18.Qe2 a6 19.e5 b5 20.Rfe1 bxc4 21.Rxc4 Qb7 22.Qe4 a5 23.h4 e6
24.Rd1 Rfd8 25.exd6 Bd4 26.Nxd4 exd5 27.Qf3 cxd4 28.Rc7 1-0

[Event "2LD 24/25,Univerzita Brno-Jihlava A"]
[Site ""]
[Date "2025.01.12"]
[Round "6.2"]
[White "Sedlacek, Oldrich"]
[Black "Zdrazil, Jan"]
[WhiteElo "2156"]
[BlackElo "2034"]
[Result "0-1"]

1.Nf3 Nf6 2.g3 g6 3.Bg2 Bg7 4.d4 O-O 5.O-O d6 6.c4 Nbd7 7.Nc3 e5 8.Qc2 exd4 9.
Nxd4 Nb6 10.Rd1 Nxc4 11.Ncb5 a6 12.Qxc4 axb5 13.Qxb5 c6 14.Qb3 d5 15.h3 Qe7
16.Qe3 Re8 17.Qxe7 Rxe7 18.b4 Ra4 19.Bb2 Ne4 20.e3 Nd6 21.Bf1 Re8 22.a3 Bd7
23.Rac1 Rc8 24.Kg2 b6 25.Rd2 c5 26.Nf3 Bxb2 27.Rxb2 Rxa3 28.bxc5 bxc5 29.Ne5
Be6 30.Rb6 Ne4 31.Bd3 Bxh3+ 32.Kh2 Nxf2 33.Ba6 Re8 34.Rc2 Rxe5 35.Rxf2 Bf5 36.
Rb8+ Kg7 0-1

[Event "2LD 24/25,Univerzita Brno-Jihlava A"]
[Site ""]
[Date "2025.01.12"]
[Round "6.3"]
[White "Lakatos, Tomas"]
[Black "Kulovana, Eva"]
[WhiteElo "2050"]
[BlackElo "2116"]
[Result "1/2-1/2"]

1.d4 d5 2.Nf3 Nf6 3.e3 e6 4.Bd3 Be7 5.O-O O-O 6.Nbd2 c5 7.b3 Nbd7 8.Bb2 b6 9.
Ne5 Bb7 10.f4 Qc7 11.Ndf3 Rad8 12.Qe2 Ne4 13.Nxd7 Qxd7 14.Ne5 Qc8 15.a4 f6 16.
Nf3 a5 17.Rac1 Rfe8 18.Rfd1 Bd6 19.dxc5 Bxc5 20.Bxe4 dxe4 21.Nd4 Kh8 22.c4 e5
23.fxe5 Rxe5 24.Nb5 1/2-1/2

[Event "2LD 24/25,Univerzita Brno-Jihlava A"]
[Site ""]
[Date "2025.01.12"]
[Round "6.4"]
[White "Pavlis, Matej"]
[Black "Kisa, Lubomir"]
[WhiteElo "2031"]
[BlackElo "2136"]
[Result "1/2-1/2"]

1.d4 Nf6 2.c4 c5 3.d5 e5 4.Nc3 d6 5.e4 Be7 6.Bd3 O-O 7.Nge2 Nh5 8.O-O Bg5 9.
Ng3 Nf4 10.Nce2 g6 11.f3 Nd7 12.a4 h5 13.Ra3 h4 14.Nxf4 hxg3 15.Nh3 gxh2+ 16.
Kxh2 Bxc1 17.Qxc1 Kg7 18.g4 Rh8 19.Kg2 Nf6 20.Rh1 Bd7 21.Ra1 Qe7 22.Qd2 Rh4
23.Nf2 Rah8 24.b3 Rxh1 25.Rxh1 Rxh1 26.Nxh1 b6 27.Nf2 Nh7 28.Nh3 a5 29.Qe3 Qh4
30.Be2 Nf6 31.Bd1 Nh5 32.Qf2 Nf4+ 33.Nxf4 Qxf2+ 34.Kxf2 exf4 35.Bc2 Kf6 36.Ke2
Ke5 37.Kd2 Kd4 38.Bd3 Bc8 39.Bb1 Bb7 40.Bc2 Ba6 41.Bd3 Bc8 42.Bb1 Ke5 43.Ke2
Bd7 44.Bc2 Bc8 1/2-1/2

[Event "2LD 24/25,Univerzita Brno-Jihlava A"]
[Site ""]
[Date "2025.01.12"]
[Round "6.5"]
[White "Svehla, Karel"]
[Black "Zednicek, Filip"]
[WhiteElo "2079"]
[BlackElo "1997"]
[Result "1/2-1/2"]

1.e4 e5 2.Nf3 Nc6 3.Bb5 f5 4.Nc3 fxe4 5.Nxe4 d5 6.Nxe5 dxe4 7.Nxc6 Qg5 8.Nd4+
c6 9.Bf1 Bc5 10.Nb3 Bg4 11.d4 Qg6 12.Qd2 Be7 13.h3 Be6 14.Nc5 Bxc5 15.dxc5 Nf6
16.Qd6 Nd5 17.Bd2 e3 18.fxe3 Rd8 19.Qe5 O-O 20.Bd3 Bf5 21.Bxf5 Rxf5 22.Qh2 Re8
23.g4 Rfe5 24.O-O-O Nxe3 25.Bxe3 Rxe3 26.Qd6 R3e6 27.Qd3 Qg5+ 28. Kb1 Qxc5
29.Qb3 Qb5 30.Qxb5 cxb5 1/2-1/2

[Event "2LD 24/25,Univerzita Brno-Jihlava A"]
[Site ""]
[Date "2025.01.12"]
[Round "6.6"]
[White "Brychta, David"]
[Black "Jelinek, Ota"]
[WhiteElo "2104"]
[BlackElo "2105"]
[Result "0-1"]

1.Nf3 f5 2.b3 d6 3.d4 Nf6 4.g3 g6 5.Bg2 Bg7 6.Bb2 O-O 7.O-O c6 8.c4 a5 9.Nc3
Na6 10.Re1 Ne4 11.Nxe4 fxe4 12.Nd2 d5 13.f3 exf3 14.Bxf3 Bf5 15.a3 Qd7 16.Rc1
Rad8 17.e3 b5 18.cxb5 cxb5 19.Qe2 h5 20.Bc3 b4 21.Ba1 Qd6 22.Qb5 bxa3 23.Rc6
Qb4 24.Qe2 Rd6 25.Bc3 Qb7 26.Rxd6 exd6 27.Ra1 Nb4 28.Rxa3 Qc6 29.Nc4 Bg4
30.Bxg4 hxg4 31.Rxa5 dxc4 32.Bxb4 cxb3 33.Ra1 Bh6 34.Bd2 b2 35.Rb1 Qc2 36. Qe1
Ra8 37.Bc3 Bxe3+ 0-1

[Event "2LD 24/25,Univerzita Brno-Jihlava A"]
[Site ""]
[Date "2025.01.12"]
[Round "6.7"]
[White "Bakos, Eduard"]
[Black "Rybacek, Martin"]
[WhiteElo "2075"]
[BlackElo "1888"]
[Result "1/2-1/2"]

1.e4 c6 2.d4 d5 3.exd5 cxd5 4.c4 Nf6 5.Nc3 g6 6.Nf3 Bg7 7.cxd5 Nxd5 8.Bc4 Nb6
9.Bb3 O-O 10.O-O Nc6 11.Be3 Na5 12.Ne5 Nxb3 13.Qxb3 Be6 14.Qc2 Rc8 15.Qe4 Nd5
16.Rfc1 Qa5 17.Bd2 Rfd8 18.Qe2 Qb6 19.Nxd5 Rxc1+ 20.Bxc1 Bxd5 21.Be3 Rc8 22.b3
Qe6 23.Qg4 Qxg4 24.Nxg4 Rc2 25.Ne5 h5 26.Nd3 a5 27.Kf1 Bf6 28.Ne1 Rc6 29.Ke2
Kf8 30.Kd3 Be6 31.Rc1 Bf5+ 32.Kd2 Rd6 33.Nf3 e5 34.Kc3 exd4+ 35. Nxd4 Rc6+
36.Kd2 Rxc1 37.Kxc1 Bd7 38.Kd2 Ke7 39.Kd3 b5 40.Bf4 a4 41.b4 1/2-1/2

[Event "2LD 24/25,Univerzita Brno-Jihlava A"]
[Site ""]
[Date "2025.01.12"]
[Round "6.8"]
[White "Kocman, Patrik"]
[Black "Rehurek, Lukas"]
[WhiteElo "1871"]
[BlackElo "2118"]
[Result "0-1"]

1.e4 Nf6 2.e5 Nd5 3.d4 d6 4.c4 Nb6 5.exd6 cxd6 6.Nc3 g6 7.Nf3 Bg7 8.Be3 Nc6 9.
Be2 O-O 10.O-O Bg4 11.b3 d5 12.c5 Nd7 13.Rc1 Nxc5 14.dxc5 Bxf3 15.Bxf3 d4 16.
Bd2 dxc3 17.Bxc3 Bxc3 18.Rxc3 Qa5 19.Bxc6 Qxc3 20.Bxb7 Rad8 21.Qc1 Qa5 22.c6
Qc7 23.Qe3 a5 24.g3 Rd6 25.Rc1 Rfd8 26.Re1 Re6 27.Qc3 Rxe1+ 28.Qxe1 Rd6 29.Qc3
e5 30.a3 e4 31.b4 Rd3 32.Qc1 axb4 33.axb4 e3 34.fxe3 Qd6 35.Qc5 Rd1+ 36.Kg2
Rd2+ 37.Kg1 Qf6 0-1

[Event "2LD 24/25,Jihlava A-Namest n/Osl B"]
[Site ""]
[Date "2025.01.26"]
[Round "7.1"]
[White "Sedlacek, Oldrich"]
[Black "Hladky, Tadeas"]
[WhiteElo "2156"]
[BlackElo "2117"]
[Result "0-1"]
[PlyCount "98"]

1. Nf3 Nf6 2. g3 b5 3. Na3 a6 4. c4 e6 5. b3 Bb7 6. Bg2 bxc4 7. Nxc4 d5 8. Nce5
Nbd7 9. O-O c5 10. Bb2 Be7 11. Qc2 Nxe5 12. Bxe5 O-O 13. Rfc1 Nd7 14. Bb2 Rc8
15. d3 Bf6 16. Qd2 Bxb2 17. Qxb2 Qb6 18. Rc2 a5 19. Rac1 Ba6 20. Ne5 Rfd8 21.
Nxd7 Rxd7 22. d4 c4 23. bxc4 Qxb2 24. Rxb2 Bxc4 25. e3 Rdc7 26. e4 Kf8 27. Rbc2
Rc6 28. exd5 exd5 29. Bh3 Rb8 30. Bf1 Rb4 31. Bxc4 Rbxc4 32. Rxc4 dxc4 33. Kf1
Ke7 34. Ke2 Kd6 35. Kd2 Kd5 36. Kc3 Rf6 37. f4 Re6 38. Rb1 Re3+ 39. Kc2 Kxd4
40. Rb7 Re2+ 41. Kd1 Rxh2 42. Rxf7 g6 43. a3 Kd3 44. Rd7+ Kc3 45. Ra7 a4 46.
Rxa4 Kd3 47. Ke1 c3 48. Ra7 Rh1+ 49. Kf2 c2 0-1

[Event "2LD 24/25,Jihlava A-Namest n/Osl B"]
[Site ""]
[Date "2025.01.26"]
[Round "7.2"]
[White "Miculka, Petr"]
[Black "Kulovana, Eva"]
[WhiteElo "1950"]
[BlackElo "2116"]
[Result "0-1"]
[PlyCount "64"]

1. e4 c6 2. d4 d5 3. Nd2 dxe4 4. Nxe4 Bf5 5. Ng3 Bg6 6. h4 h6 7. Nf3 Nd7 8. h5
Bh7 9. Bd3 Bxd3 10. Qxd3 e6 11. Bf4 Ngf6 12. Qe2 Be7 13. O-O-O O-O 14. Qd2 Nd5
15. Bxh6 gxh6 16. Qxh6 Re8 17. Qd2 b5 18. h6 Kh8 19. Nh5 Rg8 20. Ng7 Qc7 21. g3
c5 22. Rh5 c4 23. Qe2 Bf6 24. Qe4 c3 25. Rdh1 cxb2+ 26. Kxb2 Qc3+ 27. Kc1 Qa3+
28. Kd2 Qb4+ 29. Kc1 Nc5 30. Qg4 Rac8 31. Ng5 Nd3+ 32. Kd1 Nxf2+ 0-1

[Event "2LD 24/25,Jihlava A-Namest n/Osl B"]
[Site ""]
[Date "2025.01.26"]
[Round "7.3"]
[White "Pavlis, Matej"]
[Black "Soucek, Andrej"]
[WhiteElo "2031"]
[BlackElo "2072"]
[Result "1/2-1/2"]
[PlyCount "66"]

1. d4 Nf6 2. c4 e6 3. Nf3 d5 4. g3 Be7 5. Bg2 Ne4 6. Nc3 f5 7. Qb3 c6 8. Ne5
Nd7 9. Bf4 Bf6 10. cxd5 Bxe5 11. dxc6 Bxf4 12. Qxe6+ Kf8 13. Qxf5+ Ndf6 14.
Qxf4 Nxc3 15. bxc3 Qe7 16. Rb1 bxc6 17. Bxc6 Ba6 18. O-O Rc8 19. Rb8 Kf7 20.
Bd5+ Kg6 21. g4 Qd7 22. Rxc8 Rxc8 23. Bf3 Re8 24. g5 Nd5 25. Be4+ Rxe4 26.
Qxe4+ Qf5 27. Qxf5+ Kxf5 28. Re1 Nxc3 29. e3 Kg4 30. d5 Nxd5 31. Rd1 Nb6 32.
Rd4+ Kxg5 33. Kg2 Kf6 1/2-1/2

[Event "2LD 24/25,Jihlava A-Namest n/Osl B"]
[Site ""]
[Date "2025.01.26"]
[Round "7.4"]
[White "Simajchl, Adam"]
[Black "Zednicek, Filip"]
[WhiteElo "1821"]
[BlackElo "1997"]
[Result "0-1"]
[PlyCount "66"]

1. d4 d5 2. Nc3 e6 3. Bf4 c5 4. e3 a6 5. Nf3 Nc6 6. dxc5 Bxc5 7. a3 Nf6 8. Bd3
d4 9. exd4 Nxd4 10. O-O O-O 11. Be5 Nc6 12. Bxf6 Qxf6 13. Ne4 Qe7 14. Nxc5 Qxc5
15. b4 Qe7 16. c4 Rd8 17. Qc2 h6 18. Rad1 Bd7 19. Rfe1 Rac8 20. Qb2 Na7 21. Nd2
Bc6 22. Ne4 Ba4 23. Rd2 Bc6 24. Red1 Rxd3 25. Rxd3 Bxe4 26. Rd4 Qf6 27. Qd2 Qg6
28. f4 Nb5 29. Rd8+ Rxd8 30. Qxd8+ Kh7 31. Qd2 Nxa3 32. c5 Nc4 33. Qf2 Bxg2 0-1

[Event "2LD 24/25,Jihlava A-Namest n/Osl B"]
[Site ""]
[Date "2025.01.26"]
[Round "7.5"]
[White "Brychta, David"]
[Black "Zezula, Matej"]
[WhiteElo "2104"]
[BlackElo "1903"]
[Result "1-0"]
[PlyCount "67"]

1. c4 e6 2. g3 d5 3. Bg2 Nf6 4. Nf3 c5 5. O-O Be7 6. cxd5 exd5 7. d4 O-O 8. Be3
Ng4 9. Bf4 Nc6 10. Nc3 Be6 11. dxc5 Bxc5 12. Rc1 Be7 13. a3 Rc8 14. Qa4 a6 15.
h3 Nf6 16. Rfd1 Qb6 17. b4 d4 18. Nb1 Rfd8 19. Nbd2 Qa7 20. Ne5 Nxe5 21. Bxe5
b5 22. Qa5 Ne8 23. Nf3 Rd5 24. Rxc8 Bxc8 25. Rc1 Be6 26. Rc6 d3 27. exd3 Rxd3
28. Qxa6 Rd1+ 29. Kh2 Qd7 30. Bf4 Bd5 31. Ne5 Qd8 32. Rc8 Bb7 33. Qxb7 Qd4 34.
Qxe7 1-0

[Event "2LD 24/25,Jihlava A-Namest n/Osl B"]
[Site ""]
[Date "2025.01.26"]
[Round "7.6"]
[White "Hladky, Mikulas"]
[Black "Kucera, David"]
[WhiteElo "1851"]
[BlackElo "1913"]
[Result "0-1"]
[PlyCount "78"]

1. e4 e6 2. d4 d5 3. Nd2 c5 4. exd5 Qxd5 5. Ngf3 Nf6 6. Bc4 Qd8 7. O-O Nc6 8.
Nb3 cxd4 9. Qe2 Be7 10. Bf4 O-O 11. Rad1 Qb6 12. Nfxd4 Nxd4 13. Rxd4 Bd7 14.
Rfd1 Bc6 15. Be3 Qc7 16. Bf4 Qb6 17. c3 Rad8 18. Rxd8 Rxd8 19. Rxd8+ Qxd8 20.
Nd4 Bd5 21. Be3 Qc8 22. Bxd5 Nxd5 23. g3 Bf6 24. Qd3 Bxd4 25. Bxd4 a6 26. Qe2
Qd7 27. f4 Ne7 28. Qe5 f6 29. Qe4 Nf5 30. Kf2 Nd6 31. Qe2 Kf7 32. Qh5+ Kg8 33.
Qe2 Nf5 34. Qe4 Nd6 35. Qe2 f5 36. Qe5 Ne4+ 37. Ke3 h6 38. a3 Kh7 39. Qc5 Nxc5
 0-1

[Event "2LD 24/25,Jihlava A-Namest n/Osl B"]
[Site ""]
[Date "2025.01.26"]
[Round "7.7"]
[White "Mirzoyan, Aram"]
[Black "Kavanova, Anezka"]
[WhiteElo "1773"]
[BlackElo "1752"]
[Result "1-0"]
[PlyCount "55"]

1. g3 d5 2. d4 e6 3. Bg2 Nf6 4. Nf3 c5 5. c3 Nc6 6. O-O cxd4 7. cxd4 Bd6 8. Nc3
O-O 9. Re1 Ne4 10. Nxe4 dxe4 11. Ng5 f5 12. d5 Ne5 13. Nxe6 Bxe6 14. dxe6 Qe7
15. Qb3 Rac8 16. Bf4 g5 17. Bxg5 Qxg5 18. e7+ Rf7 19. Qe6 Re8 20. Qxd6 Nc6 21.
Rad1 Rexe7 22. Rd5 Qg7 23. Qf4 Qxb2 24. Rxf5 Qb4 25. Rd1 Rxf5 26. Qg4+ Rg5 27.
Qxg5+ Rg7 28. Qd5+ 1-0

[Event "2LD 24/25,Jihlava A-Namest n/Osl B"]
[Site ""]
[Date "2025.01.26"]
[Round "7.8"]
[White "Stava, Zdenek"]
[Black "Kocman, Patrik"]
[WhiteElo "1615"]
[BlackElo "1871"]
[Result "0-1"]
[PlyCount "95"]

1. e4 e5 2. Nf3 Nc6 3. Nc3 Nf6 4. Bb5 d6 5. d4 exd4 6. Nxd4 Bd7 7. Nxc6 bxc6 8.
Bc4 Be7 9. O-O O-O 10. Bf4 Be6 11. Bd3 d5 12. Qe2 Nd7 13. exd5 cxd5 14. Rfe1
Nc5 15. Nb5 c6 16. Nd4 Qb6 17. Be5 Nxd3 18. Qxd3 c5 19. Nf5 Bxf5 20. Qxf5 Qe6
21. Qf3 Qd7 22. Rad1 Rad8 23. Bxg7 Kxg7 24. Qg3+ Kh8 25. Qe5+ Kg8 26. Qxe7 Qxe7
27. Rxe7 Rfe8 28. Rxe8+ Rxe8 29. Kf1 Rd8 30. Rd3 Rd7 31. Ke2 f6 32. Kf3 Kf7 33.
Kf4 Kg6 34. Re3 Rb7 35. b3 Rb4+ 36. Kf3 Rb7 37. Re6 Rc7 38. Kf4 c4 39. b4 Rd7
40. g4 h6 41. h4 Kg7 42. Kf5 d4 43. Ke4 d3 44. cxd3 cxd3 45. g5 d2 46. Kf5 d1=Q
47. gxh6+ Kxh6 48. Rxf6+ 0-1

[Event "2LD 24/25,Lanskroun-Univerzita Brno"]
[Site ""]
[Date "2025.01.26"]
[Round "7.1"]
[White "Kupsa, Matej"]
[Black "Gajdos, Daniel"]
[WhiteElo "2138"]
[BlackElo "2113"]
[Result "0-1"]
[PlyCount "48"]

1. e4 e5 2. Nf3 Nc6 3. Bc4 Bc5 4. c3 Nf6 5. d4 exd4 6. b4 Bb6 7. e5 d5 8. exf6
dxc4 9. Qe2+ Be6 10. fxg7 Rg8 11. b5 d3 12. Qe4 Nb4 13. O-O Qf6 14. Bf4 Qxg7
15. Ng5 O-O-O 16. Nxe6 fxe6 17. Be5 Qg4 18. Qxg4 Rxg4 19. cxb4 d2 20. Na3 Re4
21. Bf6 Rd3 22. Nc2 Rf4 23. Bg7 Rxf2 24. Rxf2 d1=Q+ 0-1

[Event "2LD 24/25,Lanskroun-Univerzita Brno"]
[Site ""]
[Date "2025.01.26"]
[Round "7.2"]
[White "Zdrazil, Jan"]
[Black "Kratky, Josef"]
[WhiteElo "2034"]
[BlackElo "2094"]
[Result "1-0"]
[PlyCount "61"]

1. e4 c5 2. Nf3 Nc6 3. d4 cxd4 4. Nxd4 e5 5. Nb5 d6 6. N1c3 a6 7. Na3 Be7 8.
Nc4 b5 9. Ne3 Nf6 10. g3 Be6 11. Bg2 Rc8 12. Ncd5 O-O 13. O-O a5 14. a3 a4 15.
Qd3 Nd4 16. Bd2 Nxd5 17. exd5 Bd7 18. Bc3 Bf6 19. f4 Qb6 20. Kh1 g6 21. fxe5
dxe5 22. Bb4 Rfe8 23. d6 Qd8 24. Nd5 Re6 25. Rxf6 Rxf6 26. Ba5 Qxa5 27. Nxf6+
Kg7 28. Nxd7 f6 29. c3 Nf5 30. Qd5 Rd8 31. Qe6 1-0

[Event "2LD 24/25,Lanskroun-Univerzita Brno"]
[Site ""]
[Date "2025.01.26"]
[Round "7.3"]
[White "Pokorny, Tomas"]
[Black "Svehla, Karel"]
[WhiteElo "2206"]
[BlackElo "2079"]
[Result "1/2-1/2"]
[PlyCount "79"]

1. d4 e6 2. c4 f5 3. g3 Nf6 4. Bg2 Bb4+ 5. Bd2 Qe7 6. Qb3 Nc6 7. Nf3 a5 8. a3
Bxd2+ 9. Nbxd2 O-O 10. O-O a4 11. Qd3 d5 12. Rac1 Ra6 13. Ne5 Rb6 14. Nxc6 bxc6
15. Qc2 Bd7 16. e3 Rfb8 17. Rb1 Ne4 18. c5 Ra6 19. Nf3 Be8 20. b4 axb3 21. Rxb3
Rba8 22. Qb2 Nf6 23. Ne5 Nd7 24. Nxd7 Bxd7 25. Rb8+ Bc8 26. Rxa8 Rxa8 27. f4
Ba6 28. Rc1 Qe8 29. Bf1 Rb8 30. Qa2 Qc8 31. Rb1 Bxf1 32. Rxb8 Qxb8 33. Kxf1
Qb5+ 34. Kf2 Kf7 35. Qe2 Qb3 36. Qa6 Qc2+ 37. Kf3 Qe4+ 38. Kf2 Qc2+ 39. Kg1
Qc1+ 40. Kf2 1/2-1/2

[Event "2LD 24/25,Lanskroun-Univerzita Brno"]
[Site ""]
[Date "2025.01.26"]
[Round "7.4"]
[White "Jelinek, Ota"]
[Black "Duriancik, Michal"]
[WhiteElo "2105"]
[BlackElo "1945"]
[Result "1/2-1/2"]
[PlyCount "86"]

1. e4 c6 2. f4 d5 3. e5 Bf5 4. Nf3 e6 5. g3 c5 6. Bg2 Nd7 7. d3 h6 8. Nc3 Ne7
9. O-O Nc6 10. h3 Be7 11. a4 a6 12. g4 Bh7 13. Ne2 Qc7 14. c3 Na5 15. Be3 c4
16. d4 Nb6 17. Nd2 Bd3 18. Rf3 O-O-O 19. Bf2 Qd7 20. b4 Nc6 21. a5 Na8 22. Ng3
Nc7 23. Bf1 Bh7 24. f5 Rdf8 25. Be3 f6 26. exf6 Bxf6 27. fxe6 Qxe6 28. Bf4 Nb5
29. Nxc4 Ncxd4 30. Nb6+ Kd8 31. Re3 Qf7 32. Bxb5 Nxb5 33. Nxd5 Bd4 34. cxd4
Qxd5 35. Be5 Rf7 36. Qd2 Rhf8 37. Rf1 Rxf1+ 38. Nxf1 Bg6 39. Qg2 Qd7 40. d5 Nc7
41. d6 Ne6 42. Rf3 Re8 43. Qf2 Qb5 1/2-1/2

[Event "2LD 24/25,Lanskroun-Univerzita Brno"]
[Site ""]
[Date "2025.01.26"]
[Round "7.5"]
[White "Beil, Zdenek"]
[Black "Ibrahim, Emad"]
[WhiteElo "2172"]
[BlackElo "2017"]
[Result "0-1"]
[PlyCount "118"]

1. d4 Nf6 2. c4 g6 3. Nf3 Bg7 4. g3 c5 5. d5 b5 6. cxb5 a6 7. bxa6 Bxa6 8. Bg2
d6 9. O-O O-O 10. Nc3 Nbd7 11. Qc2 Nb6 12. Rd1 Nfd7 13. Rb1 Re8 14. Bf1 Bc4 15.
b3 Bxc3 16. Qxc3 Bxd5 17. a4 Be4 18. Bb2 Nf6 19. Ra1 Nbd5 20. Qc4 Rb8 21. Ng5
Rb4 22. Nxe4 Rxc4 23. Nxf6+ Nxf6 24. bxc4 Qb6 25. Rdb1 Ne4 26. Bc3 Qa6 27. Be1
Qxc4 28. e3 Qd5 29. Ba6 Ng5 30. Bb7 Nh3+ 31. Kf1 Qd3+ 32. Kg2 Ng5 33. h4 Ne6
34. a5 Rb8 35. a6 Nc7 36. Rb6 Nxa6 37. Kg1 Nc7 38. Be4 Qxe4 39. Rxb8+ Kg7 40.
Bc3+ f6 41. Bb2 Nd5 42. Ra3 Kf7 43. Ba1 h5 44. Kf1 Qc4+ 45. Kg2 Qc2 46. Kf3 Qc1
47. Ra7 Qh1+ 48. Ke2 g5 49. hxg5 fxg5 50. Rh8 Qe4 51. Raa8 c4 52. Bd4 g4 53.
Raf8+ Ke6 54. Rxh5 Qd3+ 55. Ke1 Nb4 56. f4 Nc2+ 57. Kf2 Qd2+ 58. Kg1 Qe1+ 59.
Kh2 Qf2+ 0-1

[Event "2LD 24/25,Lanskroun-Univerzita Brno"]
[Site ""]
[Date "2025.01.26"]
[Round "7.6"]
[White "Moulis, Mojmir"]
[Black "Hrubes, Pavel"]
[WhiteElo "2027"]
[BlackElo "2136"]
[Result "1-0"]
[PlyCount "41"]

1. e4 e6 2. d4 d5 3. Nd2 Nf6 4. e5 Nfd7 5. f4 c5 6. Ndf3 Nc6 7. c3 cxd4 8. Nxd4
Qb6 9. Ngf3 Bc5 10. Be2 a5 11. O-O O-O 12. Kh1 Ne7 13. Bd3 f6 14. Qe1 h6 15. g4
Rf7 16. exf6 Nxf6 17. g5 Ne4 18. gxh6 Nf5 19. Bxe4 dxe4 20. Ng5 Bxd4 21. h7+
 1-0